00973nam a22002417a 450000500170000000800410001702000180005804100080007604400070008408200180009110000360010924501010014526000590024630000240030550400470032965000640037665000690044065000260050965000520053565000650058765000520065271000270070420200104041626.0140311b2011 ck il. gr|||| 00| 0 spa d a9789588753003 aspa ack a333.715bM74c1 aMonje-Carrillo, César Augusto13aEl corredor ecológico vial Bogotá - Villavicencio : bespacio de planificación territorial3 aBogotábFundación Natura ColombiabCoviandesc2011 a78 p.bmapasc28 cm aIncluye bibliografía (páginas 77 - 78) 4aDesarrollo sosteniblexInvestigacioneszBogotá Colombia) 4aDesarrollo sosteniblexInvestigacioneszVillavicencio (Colombia) 4aDesarrollo sostenible 4aEconomía ambientalxInvestigacioneszColombia 4aConservación del medio ambientexInvestigacioneszColombia 4aPolítica ambientalxInvestigacioneszColombia2 aThe Nature Conservancy